00493nam a2200181Ia 4500003000400000008004100004040001600045082001800061100001600079245008700095260003500182300001000217650001500227650001200242650001400254650001500268650002800283GCL140319s9999 xx 000 0 eng d aGCL / cGCL04a379.1109bJ W1 aJONES, PHIL10aWORLD BANK FINACING OF EDUCATION: LENDING LEARNING AND DEVELOPMENT / cJONES, PHIL a[S.N] : bROUITLEDGE ، c1992 a212 P04aSTATISTICS04aFINANCE04aEDUCATION04aWORLD BANK04aLEAMING AND DEVELOPMENT